000 01003nam a2200265Ia 4500
003 OSt
005 20221005111959.0
006 a|||||r|||| 00| 0
007 ta
008 221004b |||||||| |||| 00| 0 pli d
024 _a31734
037 _cTextual
040 _aCRL
_cCRL
_bpli
041 _2pli
_apli
082 _aP1511:3, 152K2
100 _aतिवारी, लक्ष्मीनारायण, संपा.
_9623679
245 0 _aकच्चायन व्याकरण पालि-व्याकरण
246 _aKachchāyan vyākaraṇ pāli-vyākaraṇa
250 _aप्रथम संस्करण
260 _aवाराणसी
_bतारा पब्लिकेशन्स भारत
_c1962
300 _a454पृ.
_ccm.
650 _aहिन्दी भाषा
942 _hP1511:3, 152K2
_cTEXL
_2cc
999 _c1023478
_d1023478